Дело по рассмотрению проекта кассового устава и приложений

Доступно только в Электронных читальных залах Найти на картеНа карте
RUSMARC
00003531nmc2a22002413x 450
00114a7b713-c786-42e2-b699-ede074de239e
00520230427093710.0
100##$a20221107l18771885k l0rusy0189 ca
1010#$arus
102##$aRU
105##$ay###
1222#$ad
2001#$aДело по рассмотрению проекта кассового устава и приложений
$j23 декабря 1877 г. - 20 июня 1885 г.
215##$a108 л.
$d36,5х26 см
251##$cДело
300##$aНа обложке имеются карандашные пометы
371##$aДокумент не является опубликованным и широко распространяемым
461#0$1001a74412a3-3cc5-4d21-8f0a-dfe2fbd9e72d
$12001
$aДепартамент народного просвещения Министерства народного просвещения (1803-1917)
$1251
$cФонд
$1852
$j733
462#0$100168ef73bb-909a-4bc7-ae4f-3def6f15d095
$12001
$aСчетный разряд. Сметный стол
$1251
$cОпись
$1852
$j214
801#0$aRU
$bРГИА
$c20221107
$gRCR
801#1$aRU
$bГлавНИВЦ
$c20221107
$2rusmarc
801#2$aRU
$bПБ им. Б.Н. Ельцина
$c20230427
$gRCR
$2rusmarc
850##$aРГИА
852##$aРГИА
$eФедеральное казенное учреждение "Российский государственный исторический архив" (РГИА)
$j61
937##$hРГИА
$d12393979
$aASBIBLIO_SCAN
035##$aRusGRCC00055913
856##$uhttp://readingroom.main.prlib.ru/item.aspx?id_node=n184915920&mode=full
Формат отображения